000
00279nam a2200133Ia 4500
100
_a
Schildt/Herbert
250
_a
5
942
_c
BK
654
_a
java 2
245
_a
The complete reference JAVA 2
260
_b
Tata Mc Graw hill
_c
2002
300
_a
1168
546
_a
ENGLISH
999
_c
33487
_d
33487